| 000 | 01580nam a2200349 c 4500 | ||
|---|---|---|---|
| 003 | BLK | ||
| 005 | 20250718141654.0 | ||
| 008 | 180409b bul|||||r ||||||| ||bul|| | ||
| 010 | _aKNG00101633000 | ||
| 020 |
_a954-426-317-9 _bиздат.: Анубис |
||
| 040 | _aBLK | ||
| 041 |
_aBUL _cBUL |
||
| 080 |
_aБългарска литература _b821.163.2 _x-1 _z821.163.2-1 |
||
| 080 |
_aБългарска литература _b821.163.2 _x-3 _z821.163.2-3 |
||
| 100 |
_aСмирненски, Христо _d1898 - 1933 _gБългарски писател, журналист _qИзмирлиев, Христо Димитров _9373184 |
||
| 700 | 1 |
_aСтефанов, Валери Стоилов _eсъстав. и предг. от _9366828 |
|
| 139 |
_aСмирненски, Христо _bС 47 |
||
| 245 | 1 | 0 |
_aЗимни вечери _cХристо Смирненски; състав. и предг. от Валери Стоилов Стефанов. |
| 257 | _aBGR | ||
| 260 |
_аСофия _bАнубис _c2001 _fСофия : Инвестпрес АД |
||
| 300 |
_a158 с. _c20 см |
||
| 380 | _aX | ||
| 490 | 1 | _aБългарският канон | |
| 500 | _aОфс. изд. - Съдържа и Критически фрагменти ; Житейски и творчески портрет. | ||
| 653 | _aстихотворения | ||
| 852 | _aЦб 211703 | ||
| 856 | 4 |
_qpdf _u |
|
| 856 | 4 |
_qpdf _u |
|
| 942 |
_cKNG _n0 _07 |
||
| 944 |
_aCR _c01.01.2001 _k30575 _lМартин Енчев |
||
| 944 |
_aED _c17.01.2017 _kВиолета_Тройчева |
||
| 999 |
_c96733 _d96733 |
||